At a glance (Record no. 119294)
[ view plain ]
| 000 -LEADER | |
|---|---|
| fixed length control field | 01372cas a22002535a 4500 |
| 001 - CONTROL NUMBER | |
| control field | L152183 |
| 008 - FIXED-LENGTH DATA ELEMENTS--GENERAL INFORMATION | |
| fixed length control field | 110208c2010 xxktr w ss 0 a0eng d |
| 035 ## - SYSTEM CONTROL NUMBER | |
| System control number | (Sirsi) u152183 |
| 041 0# - LANGUAGE CODE | |
| Language code of text/sound track or separate title | eng |
| 050 ## - LIBRARY OF CONGRESS CALL NUMBER | |
| Classification number | 333.33 $2 18 |
| 110 2# - MAIN ENTRY--CORPORATE NAME | |
| Corporate name or jurisdiction name as entry element | BNP Paribas Real Estate |
| 9 (RLIN) | 5715 |
| 245 00 - TITLE STATEMENT | |
| Title | At a glance |
| Remainder of title | European markets |
| Medium | [electronic resource] |
| 260 ## - PUBLICATION, DISTRIBUTION, ETC. | |
| Place of publication, distribution, etc. | [S.l.] |
| Name of publisher, distributor, etc. | BNP Paribas Real Estate |
| Date of publication, distribution, etc. | 2010- |
| 362 0# - DATES OF PUBLICATION AND/OR SEQUENTIAL DESIGNATION | |
| Dates of publication and/or sequential designation | Q4 2009- |
| 490 #0 - SERIES STATEMENT | |
| Series statement | BNP Paribas Real Estate At A Glance European Markets |
| Volume/sequential designation | Q4 2009- |
| 520 ## - SUMMARY, ETC. | |
| Summary, etc. | Analyses the performance of the European commercial property market during the period. Provides investment, office take-up , net prime office yield, prime office rent indexes and quarterly trends. Presents tables of investment and office market indicators for seven major European cities. |
| 554 ## - | |
| -- | Three per year |
| 650 24 - SUBJECT ADDED ENTRY--TOPICAL TERM | |
| Topical term or geographic name entry element | BNP PARIBAS REAL ESTATE AT A GLANCE EUROPEAN MARKETS |
| 651 #4 - SUBJECT ADDED ENTRY--GEOGRAPHIC NAME | |
| Geographic name | Europe |
| 690 ## - LOCAL SUBJECT ADDED ENTRY--TOPICAL TERM (OCLC, RLIN) | |
| Topical term or geographic name as entry element | PROPERTY-COMMERCIAL PROPERTY-COMMERCIAL PROPERTY MARKET |
| 690 ## - LOCAL SUBJECT ADDED ENTRY--TOPICAL TERM (OCLC, RLIN) | |
| Topical term or geographic name as entry element | PROPERTY-COMMERCIAL PROPERTY-COMMERCIAL PROPERTY FINANCE AND INVESTMENT |
| 856 40 - ELECTRONIC LOCATION AND ACCESS | |
| Uniform Resource Identifier | <a href="https://www.realestate.bnpparibas.co.uk/pages/etudes_sectorielles/resultrecherche.php?alias=com_etude_recherche_eu&ctx=1&p=eu&l=en&s_wbg_menu=1252&l=en&r=534&t=bnppre&ctx=1&s_wbg_menu=1252&titre=1">https://www.realestate.bnpparibas.co.uk/pages/etudes_sectorielles/resultrecherche.php?alias=com_etude_recherche_eu&ctx=1&p=eu&l=en&s_wbg_menu=1252&l=en&r=534&t=bnppre&ctx=1&s_wbg_menu=1252&titre=1</a> |
| Public note | View the report free of charge at www.realestate.bnpparibas.co.uk |
| 942 ## - ADDED ENTRY ELEMENTS (KOHA) | |
| Suppress in OPAC | 0 |
| Withdrawn status | Lost status | Source of classification or shelving scheme | Damaged status | Not for loan | Home library | Current library | Shelving location | Date acquired | Total Checkouts | Full call number | Barcode | Date last seen | Copy number | Price effective from | Koha item type |
|---|---|---|---|---|---|---|---|---|---|---|---|---|---|---|---|
| Dewey Decimal Classification | Virtual | Virtual | Online | 08/02/2011 | ONLINE PUBLICATION | 152183-2001 | 06/08/2019 | 1 | 06/08/2019 | Book |